| 000 | 01695nam a2200517 i 4500 | ||
|---|---|---|---|
| 001 | 30107 | ||
| 003 | KOSZ 005 | ||
| 005 | 20211027125655.0 | ||
| 008 | 970510s1994 pl a |001 0 pol | ||
| 015 | _aUWD 1994/2966 | ||
| 020 | _a8301105429 | ||
| 035 | _a991000437989705066 | ||
| 035 | _a(PL-WaBN)b10160061-48omnis_nlop | ||
| 035 | _ab10160061 | ||
| 035 | _a(OCoLC)749231418 | ||
| 035 | _azz2003891956 | ||
| 035 | _a(PL)b0000001016006 | ||
| 035 | _a(EXLNZ-48OMNIS_NETWORK)9910182974205606 | ||
| 040 |
_aWA N _cWA N _dKOSZ 005/HR |
||
| 041 | 1 |
_apol _heng |
|
| 046 | _k1985 | ||
| 080 | _a330.8 | ||
| 080 | _a(075.8) | ||
| 100 | 1 |
_aBlaug, Mark _d(1927-2011) _eAutor |
|
| 245 | 1 | 0 |
_aTeoria ekonomii : _bujęcie retrospektywne / _cMark Blaug ; tł. [z ang.] Izabela Budzyńska [et al.]. |
| 246 | 1 |
_iTyt. oryg.: _aEconomic theory in retrospect, _f1985 |
|
| 260 |
_aWarszawa : _bWydaw. Naukowe PWN, _c1994. |
||
| 300 |
_a736, [2] s. : _bwykr. ; _c24 cm. |
||
| 336 |
_aTekst _btxt _2rdacontent |
||
| 337 |
_aBez urządzenia pośredniczącego _bn _2rdamedia |
||
| 338 |
_aWolumin _bnc _2rdacarrier |
||
| 380 | _aKsiążki | ||
| 388 | _a1901-2000 | ||
| 388 | _a1945-1989 | ||
| 388 | _a1989-2000 | ||
| 504 | _aBibliogr. przy rozdz. - Indeksy. | ||
| 650 | 7 |
_aEkonomia _2DBN |
|
| 655 | 7 |
_aPodręczniki akademickie _2DBN |
|
| 658 | _aGospodarka, ekonomia, finanse | ||
| 658 | _aHistoria | ||
| 700 | 1 |
_aBudzyńska, Izabela _eTłumaczenie |
|
| 710 | 2 |
_aWydawnictwo Naukowe PWN _4pbl |
|
| 856 |
_uhttp://koha.tu.koszalin.pl/cgi-bin/koha/opac-detail.pl?biblionumber=30107 _yKatalog online BPK |
||
| 942 |
_2UKD _cKS |
||
| 999 |
_c30107 _d30107 |
||